000 00643nam a2200205 i 4500
001 bg
245 0 0 _aPrawo pracy, ubezpieczenia społeczne :
_bzbiór ujednoliconych przepisów.
250 _aStan prawny na dzień 10 lutego 2000 r.
260 _aWarszawa :
_bWydaw. AD. Drągowski,
_c2000.
300 _a245 s. ;
_c29 cm.
650 9 _aPrawo pracy
_zPolska
_ystan na 2000 r.
650 9 _aUbezpieczenia społeczne
_xprawo
_zPolska
_ystan na 2000 r.
020 _a8387924245
040 _cBPK
041 0 _apl
080 _a349.2+349.3](438)(094.4)
920 _a83-87924-24-5
942 _cKS
008 s pl f |000 0 pol
999 _c36709
_d36709
856 _uhttp://koha.tu.koszalin.pl/cgi-bin/koha/opac-detail.pl?biblionumber=36709
_yKatalog online BPK